000 00239nam a2200097Ia 4500
008 191206s9999 xx 000 0 und d
020 _a38541472
090 _aBX945.2B64
245 2 _aA concise history of the catholic church
260 _cc1990
999 _c15352
_d15352